[Event "Araraquara op"]
[Site "Araraquara"]
[Date "2023.02.20"]
[Round "4.11"]
[White "Simao, Carlos Eduardo De O"]
[Black "Silva, Kaua Marques"]
[Result "0-1"]
[WhiteElo "1851"]
[BlackElo "2228"]
[PlyCount "36"]
[EventDate "2023.02.19"]
[EventType "swiss"]
[EventRounds "6"]
[EventCountry "BRA"]
[SourceTitle "CBM 213 Extra"]
[Source "ChessBase"]
[SourceDate "2023.05.31"]
[SourceVersion "1"]
[SourceVersionDate "2023.05.31"]
[SourceQuality "1"]

1. e4 c5 2. Nc3 e6 3. f4 d5 4. Nf3 Nc6 5. exd5 exd5 6. Bb5 Nf6 7. Qe2+ Be7 8. Ne5 Qc7 9. 0-0 0-0 10. d3 Nd4 11. Qd1 a6 12. Ba4 b5 13. g4 Bb7 14. g5 Nd7 15. Nxd7 Qxd7 16. Bb3 c4 17. dxc4 dxc4 18. Be3 Qc6 0-1

[Event "BRA-ch U20"]
[Site "Blumenau"]
[Date "2014.12.12"]
[Round "2"]
[White "De Oliveira, Icaro Jesus"]
[Black "Simao, Carlos Eduardo de O"]
[Result "1-0"]
[WhiteElo "1890"]
[BlackElo "1800"]
[PlyCount "58"]
[EventDate "2014.12.11"]
[EventType "swiss"]
[EventRounds "7"]
[EventCountry "BRA"]
[SourceTitle "EXT 2016"]
[Source "ChessBase"]
[SourceDate "2015.10.08"]
[SourceVersion "1"]
[SourceVersionDate "2015.10.08"]
[SourceQuality "1"]

1. d4 Nf6 2. c4 g6 3. Nc3 d5 4. cxd5 Nxd5 5. e4 Nxc3 6. bxc3 Bg7 7. Qa4+ Bd7 8. Qa3 0-0 9. Bg5 Bf6 10. Bh6 Re8 11. e5 Bh8 12. Bc4 Bc6 13. e6 f6 14. Ne2 Bxg2 15. Rg1 Bd5 16. Qb3 Bxc4 17. Qxc4 Bg7 18. Bf4 c6 19. Bd2 Qd5 20. Qxd5 cxd5 21. Rb1 b6 22. Nf4 Rd8 23. Rb5 Na6 24. Nxd5 Kf8 25. Bf4 g5 26. Bg3 f5 27. Nc7 f4 28. Bxf4 gxf4 29. Nxa8 Rxa8 1-0